Documentación de la Casa de Medinaceli : el Archivo General de los Duques de Segorbe y Cardona el Archivo General de los Duques de Segorbe y Cardona
Descripción Física:
2 v. ; 24 cm
Otros Autores:
Espanya. Dirección de Archivos Estatales
MARC
| LEADER | 00000nam a2200000Ia 4500 | ||
|---|---|---|---|
| 001 | 9606, 9607 | ||
| 008 | 160829s1990 xx 000 0 cat d | ||
| 080 | |a A-1-313, A-1-314 | ||
| 100 | |a Sánchez González, Antonio |9 24045 | ||
| 245 | |a Documentación de la Casa de Medinaceli : |b el Archivo General de los Duques de Segorbe y Cardona | ||
| 260 | |a Madrid : |b Ministerio de Cultura, Dirección de Archivos Estatales, |c 1990 | ||
| 300 | |a 2 v. ; |c 24 cm | ||
| 590 | |a Bibliografia. | ||
| 590 | |a El vol. 2 conté un annex: Apéndice genealógico (8 f. pleg.) | ||
| 650 | |a Archivo General de los Duques de Segorbe y Cardona |9 24046 | ||
| 650 | |a Medinaceli, Duques de |x Arxius |9 24047 | ||
| 650 | |a Noblesa |x Catalunya |x Història |x Fonts |9 24048 | ||
| 700 | |a Espanya. Dirección de Archivos Estatales |9 35025 | ||
| 901 | |a Arxiu | ||
| 942 | |n 1 | ||
| 952 | |0 0 |1 0 |4 0 |6 A1313_A1314 |7 1 |9 42950 |a Arxiu |b Arxiu |d 2016-12-01 |l 0 |o A-1-313, A-1-314 |p 9606, 9607 |r 2016-12-01 00:00:00 |w 2016-12-01 |y ARXIU | ||
| 999 | |c 45492 |d 45492 | ||